| 000 | 00783nam a2200229 4500 | ||
|---|---|---|---|
| 001 | 148196 | ||
| 003 | ES-MaACL | ||
| 005 | 20230906202504.0 | ||
| 007 | t| | ||
| 008 | 070214s1965 sp r ||||1| spa d | ||
| 100 | 1 |
_aStanbury, Percy. _9107888 |
|
| 245 | 1 | 0 |
_aTécnica de tiro con escopeta / _cPercy Stanbury, G. L. Carlisle ; prefacio y supervisión de Jorge de Palleja ; traducción de Conrado Niell Sureda. |
| 260 |
_aBarcelona : _bEd. Hispano Europea, _c1965. |
||
| 300 |
_a206 p., 19 lám. : _bil. ; _c21 cm. |
||
| 490 | 1 | _aCol. herakles | |
| 700 | 1 |
_aCarlisle, G. L. _935285 |
|
| 700 | 1 |
_aNiell Sureda, Conrado. _985634 |
|
| 700 | 0 |
_aPallejá, Jorge de. _988593 |
|
| 830 | 0 |
_aCol. herakles _9187500 |
|
| 852 |
_aES-MaACL _jC-27835 _bR.57126 |
||
| 999 |
_c148196 _d148196 |
||